01649njm a2200337Ia 450000100060000000300090000600500170001500800410003204000130007304000130008604100130009910000190011210000180013110000370014924500270018625000110021326000110022426000610023530000100029630000290030650000590033550503250039451100500071965000570076970000470082670000820087370000980095570000680105370001030112170000870122424137IT-RoPAU20220918181203.0131025s9999 xx 000 0 und d aIT-RoPAU cIT-RoPAU aITALIANO aFarassino Gipo eAutore musica gCodice autore musica SPICS: 8032 aDue soldi di coraggio  a1a ed. aTORINO bFONIT CETRAc1969 [1a Ed.:1969 - Ed. Lingua Orig.: 1969] aDISCO c42 minuti (Testo: pag.) aMusica leggera. Canzone italiana. Canzone di protesta. aLa mia città - L'organo di barberia - Il bar del mio rione - Serenata a Margherita - Fanette (tratta da "La Fanette" di Jacques Brel) - L'eco - Le scarpe nuove - Due soldi di coraggio - Ballata per un eroe - America - Cella 21 - Remo la barca (4:00) - Non puoi capire (3:00) - Le scarpe nuove-Les ballons rouges (4:00) aDirettore d'orchestra: Chiaramello Gianfranco aCANZONE ITALIAN [DISCHI]eCodice MATERIA SPICS: 9950 aAA.VV.eAutoregCodice autore SPICS: 12000 aFarassino GipoeAutore testo e musicagCodice autore testo/musica SPICS: 8032 aMoretto G.gCodice autore musica SPICS: 14142eAutore musicapRemo la barca - Non puoi capire aCordara C.gCodice autore SPICS: 26941eAutorepNon puoi capire aGilbert YvesgCodice autore musica SPICS: 26939eAutore musicapLe scarpe nuove-Les ballons rouges aLama SergegCodice autore SPICS: 26942eAutorepLe scarpe nuove-Les ballons rouges